| 000 | 00471nam a22001817a 4500 | ||
|---|---|---|---|
| 999 |
_c533594 _d533594 |
||
| 003 | NUST | ||
| 005 | 20200114114916.0 | ||
| 008 | 200114b ||||| |||| 00| 0 eng d | ||
| 020 | _a1845117549 | ||
| 024 | _a978-1845117542 | ||
| 038 | _aMSOHAIL | ||
| 082 | _a320.54095694 | ||
| 100 |
_aClifford A. Kiracofe _927550 |
||
| 245 | _aDark Crusade: Christian Zionism and US Foreign Policy | ||
| 260 |
_aLondon _bI.B.Tauris _cc2009 |
||
| 300 | _a254;pxv | ||
| 942 |
_2ddc _cBK |
||